कैदी नम्बर तीन सौ पच्चीस / (Record no. 116840)

MARC details
000 -LEADER
fixed length control field 01133nam a22002777a 4500
003 - CONTROL NUMBER IDENTIFIER
control field dpl
005 - DATE AND TIME OF LATEST TRANSACTION
control field 20180705122819.0
008 - FIXED-LENGTH DATA ELEMENTS--GENERAL INFORMATION
fixed length control field 180705b xxu||||| |||| 00| 0 eng d
010 ## - LIBRARY OF CONGRESS CONTROL NUMBER
LC control number A-656427
020 ## - INTERNATIONAL STANDARD BOOK NUMBER
Terms of availability 00.00
035 ## - SYSTEM CONTROL NUMBER
System control number A-656427, A-656434
037 ## - SOURCE OF ACQUISITION
Source of stock number/acquisition Cen Lib/Ret
040 ## - CATALOGING SOURCE
Original cataloging agency DPL
Language of cataloging HN
Transcribing agency 0
082 ## - DEWEY DECIMAL CLASSIFICATION NUMBER
Classification number
Item number शर्माओ
100 ## - MAIN ENTRY--PERSONAL NAME
Personal name शर्मा, ओमप्रकाश
9 (RLIN) 68571
245 ## - TITLE STATEMENT
Title कैदी नम्बर तीन सौ पच्चीस /
Statement of responsibility, etc ओमप्रकाश शर्मा
246 ## - VARYING FORM OF TITLE
Title proper/short title Kaidi number teen sau pachchis /
Remainder of title by Om Prakash Sharma
260 ## - PUBLICATION, DISTRIBUTION, ETC. (IMPRINT)
Place of publication, distribution, etc कानपुर
Name of publisher, distributor, etc विनय प्रकाशन
Date of publication, distribution, etc 1992
270 ## - ADDRESS
Address 118/167 गुमटी नं० 5
City कानपुर
Postal code 208012
300 ## - PHYSICAL DESCRIPTION
Extent 95पृ.
Dimensions 20सेमी(सजिल्द )
650 ## - SUBJECT ADDED ENTRY--TOPICAL TERM
Topical term or geographic name as entry element हिंदी साहित्य
General subdivision
Geographic subdivision
9 (RLIN) 68572
650 ## - SUBJECT ADDED ENTRY--TOPICAL TERM
Topical term or geographic name as entry element हिंदी साहित्य--लघु कथाएँ
9 (RLIN) 68573
650 ## - SUBJECT ADDED ENTRY--TOPICAL TERM
Topical term or geographic name as entry element Hindi literature
Form subdivision
9 (RLIN) 68574
650 ## - SUBJECT ADDED ENTRY--TOPICAL TERM
Topical term or geographic name as entry element Hindi literature--Short Stories
9 (RLIN) 68575
942 ## - ADDED ENTRY ELEMENTS (KOHA)
Source of classification or shelving scheme Dewey Decimal Classification
Koha item type Hindi Books
Classification part
Call number suffix शर्माओ
Holdings
Withdrawn status Lost status Damaged status Not for loan Home library Current library Date acquired Source of acquisition Cost, normal purchase price Total Checkouts Full call number Barcode Date last seen Copy number Cost, replacement price Price effective from Koha item type Source of classification or shelving scheme Collection code
        Central Library Central Library 25/08/2015 Cen Lib/Ret 0.00   क शर्माओ A-656427 25/08/2015 1 0.00 25/08/2015 Hindi Books    
        Shahdara Branch Shahdara Branch 05/07/2018 BPPD/PUB 60.00   क शर्माओ A-656434 05/07/2018   60.00 05/07/2018 Hindi Books Dewey Decimal Classification Fiction

© Delhi Public Library
Hit Counter
free hit counter